| 000 | 00414nam a22001457a 4500 | ||
|---|---|---|---|
| 020 | _a9780500019955 | ||
| 040 | _cNUST | ||
| 082 | _a728.72091734 ARN | ||
| 100 |
_a Arnoux, Alexandra d' _988395 |
||
| 110 |
_aChabaneix, Gilles De _988396 |
||
| 245 | _aFamily Houses In The Country | ||
| 260 |
_aNew York : _bC. Potter, _c2000. |
||
| 650 |
_aVacation homes -- Europe -- Pictorial works. _988397 |
||
| 942 |
_2ddc _cBK |
||
| 999 |
_c587612 _d587612 |
||